[Event "FIDE World Cup 2025"]
[Site "Goa, India"]
[Date "2025.11.03"]
[Round "4.8"]
[White "Nogerbek, Kazybek"]
[Black "Raja, Rithvik R"]
[Result "0-1"]
[TimeControl ": 90 minutes for the first 40 moves, followed by 30 minutes for the rest of the gamewith an increment of 30 seconds per move starting from move 1"]
[WhiteFideId "13710427"]
[BlackFideId "35007394"]
[WhiteElo "2543"]
[BlackElo "2541"]

1. d4 {[%clk 00:15:18]} {[%emt 00:00:02]} Nf6 {[%clk 00:15:17]} {[%emt
00:00:04]} 2. c4 {[%clk 00:15:27]} e6 {[%clk 00:15:26]} {[%emt 00:00:02]} 3.
Nf3 {[%clk 00:15:32]} {[%emt 00:00:03]} d5 {[%clk 00:15:34]} {[%emt 00:00:03]}
4. Nc3 {[%clk 00:15:40]} {[%emt 00:00:02]} c6 {[%clk 00:15:33]} {[%emt
00:00:12]} 5. e3 {[%clk 00:15:20]} {[%emt 00:00:28]} Nbd7 {[%clk 00:15:40]}
{[%emt 00:00:04]} 6. Qc2 {[%clk 00:15:26]} {[%emt 00:00:04]} Bd6 {[%clk
00:15:44]} {[%emt 00:00:07]} 7. Be2 {[%clk 00:15:31]} {[%emt 00:00:05]} O-O
{[%clk 00:15:47]} {[%emt 00:00:07]} 8. O-O {[%clk 00:15:37]} {[%emt 00:00:03]}
dxc4 {[%clk 00:15:49]} {[%emt 00:00:08]} 9. Bxc4 {[%clk 00:15:40]} {[%emt
00:00:07]} b5 {[%clk 00:15:57]} {[%emt 00:00:02]} 10. Be2 {[%clk 00:15:17]}
{[%emt 00:00:32]} Bb7 {[%clk 00:15:58]} {[%emt 00:00:09]} 11. e4 {[%clk
00:15:04]} {[%emt 00:00:22]} e5 {[%clk 00:16:06]} {[%emt 00:00:03]} 12. Bg5
{[%clk 00:13:37]} {[%emt 00:01:36]} Qc7 {[%clk 00:14:40]} {[%emt 00:01:37]} 13.
dxe5 {[%clk 00:12:30]} {[%emt 00:01:16]} Nxe5 {[%clk 00:14:47]} {[%emt
00:00:03]} 14. Nxe5 {[%clk 00:12:38]} {[%emt 00:00:02]} Bxe5 {[%clk 00:14:55]}
{[%emt 00:00:01]} 15. f4 {[%clk 00:12:47]} {[%emt 00:00:01]} Bxc3 {[%clk
00:09:56]} {[%emt 00:05:09]} 16. bxc3 {[%clk 00:12:56]} {[%emt 00:00:02]} Qe7
{[%emt 00:00:14]} 17. Bf3 {[%clk 00:11:16]} {[%emt 00:01:47]} Qc5+ {[%clk
00:08:50]} {[%emt 00:01:16]} 18. Kh1 {[%clk 00:11:03]} {[%emt 00:00:22]} Bc8
{[%clk 00:08:58]} {[%emt 00:00:02]} 19. e5 {[%clk 00:08:32]} {[%emt 00:02:42]}
Nd5 {[%clk 00:07:14]} {[%emt 00:01:54]} 20. Bxd5 {[%clk 00:07:12]} {[%emt
00:01:30]} Qxd5 {[%clk 00:06:54]} {[%emt 00:00:30]} 21. Rad1 {[%clk 00:06:30]}
{[%emt 00:00:51]} Qc5 {[%clk 00:07:02]} {[%emt 00:00:02]} 22. Qe4 {[%clk
00:05:54]} {[%emt 00:00:46]} Be6 {[%clk 00:06:53]} {[%emt 00:00:20]} 23. f5
{[%clk 00:04:10]} {[%emt 00:01:54]} Bd5 {[%clk 00:06:07]} {[%emt 00:00:56]} 24.
Qg4 {[%clk 00:04:11]} {[%emt 00:00:08]} Qc4 {[%clk 00:05:50]} {[%emt 00:00:28]}
25. Qg3 {[%clk 00:02:10]} {[%emt 00:02:11]} Kh8 {[%clk 00:05:13]} {[%emt
00:00:48]} 26. Rf2 {[%clk 00:00:33]} {[%emt 00:01:47]} Qe4 {[%clk 00:04:31]}
{[%emt 00:00:51]} 27. Qf4 {[%clk 00:00:18]} {[%emt 00:00:25]} Rfe8 {[%clk
00:04:03]} {[%emt 00:00:38]} 28. Qxe4 {[%clk 00:00:24]} {[%emt 00:00:04]} Bxe4
{[%clk 00:04:12]} {[%emt 00:00:02]} 29. e6 {[%clk 00:00:24]} {[%emt 00:00:10]}
fxe6 {[%clk 00:04:14]} {[%emt 00:00:08]} 30. f6 {[%clk 00:00:21]} {[%emt
00:00:14]} Bd5 {[%clk 00:00:38]} {[%emt 00:03:45]} 31. f7 {[%clk 00:00:29]}
{[%emt 00:00:02]} Rf8 {[%clk 00:00:47]} {[%emt 00:00:01]} 32. Be7 {[%clk
00:00:36]} {[%emt 00:00:03]} e5 {[%clk 00:00:44]} {[%emt 00:00:13]} 33. Bxf8
{[%clk 00:00:45]} {[%emt 00:00:01]} Rxf8 {[%clk 00:00:53]} {[%emt 00:00:01]} 34.
a4 {[%clk 00:00:25]} {[%emt 00:00:30]} bxa4 {[%clk 00:00:45]} {[%emt 00:00:19]}
35. c4 {[%clk 00:00:25]} {[%emt 00:00:10]} Bxc4 {[%clk 00:00:52]} {[%emt
00:00:02]} 36. Rd7 {[%clk 00:00:13]} {[%emt 00:00:22]} a3 {[%clk 00:00:24]}
{[%emt 00:00:38]} 37. Rxa7 {[%clk 00:00:22]} {[%emt 00:00:01]} a2 {[%clk
00:00:29]} {[%emt 00:00:05]} 38. Kg1 {[%clk 00:00:12]} {[%emt 00:00:20]} g6
{[%clk 00:00:35]} {[%emt 00:00:04]} 39. Rf3 {[%clk 00:00:12]} {[%emt 00:00:10]}
Kg7 {[%clk 00:00:29]} {[%emt 00:00:15]} 40. Kf2 {[%clk 00:00:11]} {[%emt
00:00:11]} Bd5 {[%clk 00:00:29]} {[%emt 00:00:10]} 41. Rfa3 {[%clk 00:00:21]}
Rxf7+ {[%clk 00:00:31]} {[%emt 00:00:08]} 42. Ke3 {[%clk 00:00:30]} Rxa7 {[%clk
00:00:32]} {[%emt 00:00:09]} 43. Rxa7+ {[%clk 00:00:39]} {[%emt 00:00:02]} Kf6
{[%clk 00:00:42]} 44. g3 {[%clk 00:00:41]} {[%emt 00:00:07]} h5 {[%clk
00:00:50]} {[%emt 00:00:02]} 45. Ra5 {[%clk 00:00:27]} {[%emt 00:00:24]} Kf5
{[%clk 00:00:53]} {[%emt 00:00:07]} 46. Ra4 {[%clk 00:00:17]} {[%emt 00:00:20]}
Bb3 {[%clk 00:00:56]} {[%emt 00:00:05]} 47. Ra5 {[%clk 00:00:18]} {[%emt
00:00:10]} Kg4 {[%clk 00:00:59]} {[%emt 00:00:06]} 48. Kd2 {[%clk 00:00:11]}
{[%emt 00:00:18]} Kh3 {[%clk 00:00:56]} {[%emt 00:00:12]} 49. Kc3 {[%clk
00:00:19]} {[%emt 00:00:02]} Bd5 {[%clk 00:01:04]} {[%emt 00:00:02]} 50. Kb2
{[%clk 00:00:27]} {[%emt 00:00:02]} Kxh2 {[%clk 00:01:10]} {[%emt 00:00:05]} 51.
Ra8 {[%clk 00:00:13]} {[%emt 00:00:24]} Kxg3 {[%clk 00:01:16]} {[%emt
00:00:04]} 52. Rg8 {[%clk 00:00:22]} Bxg8 {[%clk 00:01:24]} {[%emt 00:00:03]}
0-1


[ePGN "0.1;DGT LiveChess/2.2.6"]

[Event "FIDE World Cup 2025"]
[Site "Goa, India"]
[Date "2025.11.03"]
[Round "5.1"]
[White "Thavandiran, Shiyam"]
[Black "Yuffa, Daniil"]
[Result "1/2-1/2"]
[TimeControl ": 90 minutes for the first 40 moves, followed by 30 minutes for the rest of the gamewith an increment of 30 seconds per move starting from move 1"]
[WhiteFideId "2605058"]
[BlackFideId "24131423"]
[WhiteElo "2402"]
[BlackElo "2621"]

1. e4 {[%clk 00:10:17]} {[%emt 00:00:02]} c6 {[%clk 00:10:19]} {[%emt
00:00:02]} 2. Nf3 {[%clk 00:10:25]} {[%emt 00:00:02]} d5 {[%clk 00:10:28]}
{[%emt 00:00:02]} 3. d3 {[%clk 00:10:32]} {[%emt 00:00:05]} Bg4 {[%clk
00:10:36]} 4. h3 {[%clk 00:10:40]} {[%emt 00:00:01]} Bh5 {[%clk 00:10:45]}
{[%emt 00:00:01]} 5. Qe2 {[%clk 00:10:45]} {[%emt 00:00:05]} e6 {[%clk
00:10:48]} {[%emt 00:00:07]} 6. g4 {[%clk 00:10:46]} {[%emt 00:00:09]} Bg6
{[%clk 00:10:56]} {[%emt 00:00:02]} 7. h4 {[%clk 00:10:48]} {[%emt 00:00:07]}
h5 {[%clk 00:11:05]} {[%emt 00:00:02]} 8. Ne5 {[%clk 00:10:54]} {[%emt
00:00:03]} Ne7 {[%clk 00:11:13]} {[%emt 00:00:02]} 9. Nxg6 {[%clk 00:09:40]}
{[%emt 00:01:25]} Nxg6 {[%clk 00:11:22]} {[%emt 00:00:01]} 10. gxh5 {[%clk
00:09:47]} {[%emt 00:00:03]} Nxh4 {[%clk 00:11:30]} {[%emt 00:00:03]} 11. Qg4
{[%clk 00:09:50]} {[%emt 00:00:06]} g5 {[%clk 00:10:54]} {[%emt 00:00:47]} 12.
hxg6 {[%clk 00:09:44]} {[%emt 00:00:15]} Nxg6 {[%clk 00:10:53]} {[%emt
00:00:13]} 13. Rxh8 {[%clk 00:09:52]} Nxh8 {[%clk 00:11:01]} {[%emt 00:00:02]}
14. Bg5 {[%clk 00:09:36]} {[%emt 00:00:26]} Qb6 {[%clk 00:10:40]} {[%emt
00:00:31]} 15. Nd2 {[%clk 00:08:07]} {[%emt 00:01:39]} Ng6 {[%clk 00:09:40]}
{[%emt 00:01:10]} 16. Nb3 {[%clk 00:07:15]} {[%emt 00:01:02]} Nd7 {[%clk
00:08:42]} {[%emt 00:01:08]} 17. exd5 {[%clk 00:06:37]} {[%emt 00:00:48]} cxd5
{[%clk 00:08:34]} {[%emt 00:00:19]} 18. d4 {[%clk 00:06:20]} {[%emt 00:00:26]}
Be7 {[%clk 00:06:26]} {[%emt 00:02:19]} 19. Bd2 {[%clk 00:06:18]} {[%emt
00:00:11]} O-O-O {[%clk 00:06:12]} {[%emt 00:00:23]} 20. Ba5 {[%clk 00:05:55]}
{[%emt 00:00:34]} Bb4+ {[%clk 00:06:13]} {[%emt 00:00:10]} 21. Bxb4 {[%clk
00:06:03]} Qxb4+ {[%clk 00:06:22]} {[%emt 00:00:01]} 22. c3 {[%clk 00:06:11]}
Qa4 {[%clk 00:05:52]} {[%emt 00:00:42]} 23. Qf3 {[%clk 00:06:03]} {[%emt
00:00:17]} Rf8 {[%clk 00:05:24]} {[%emt 00:00:39]} 24. O-O-O {[%clk 00:05:39]}
{[%emt 00:00:32]} a6 {[%clk 00:05:10]} {[%emt 00:00:25]} 25. Kb1 {[%clk
00:05:33]} {[%emt 00:00:15]} Qc6 {[%clk 00:04:58]} {[%emt 00:00:23]} 26. Bd3
{[%clk 00:04:45]} {[%emt 00:00:58]} Ne7 {[%clk 00:04:14]} {[%emt 00:00:54]} 27.
Rg1 {[%clk 00:04:41]} {[%emt 00:00:13]} e5 {[%clk 00:04:04]} {[%emt 00:00:21]}
28. dxe5 {[%emt 00:00:12]} Nxe5 {[%clk 00:04:09]} {[%emt 00:00:06]} 29. Qh3+
{[%clk 00:04:41]} {[%emt 00:00:07]} Qe6 {[%clk 00:04:03]} {[%emt 00:00:17]} 30.
Bf1 {[%clk 00:04:36]} {[%emt 00:00:15]} N7c6 {[%clk 00:03:32]} {[%emt
00:00:41]} 31. Nc5 {[%clk 00:04:25]} {[%emt 00:00:21]} Qxh3 {[%clk 00:03:34]}
{[%emt 00:00:09]} 32. Bxh3+ {[%clk 00:04:32]} Kc7 {[%clk 00:03:41]} {[%emt
00:00:04]} 33. f4 {[%clk 00:04:37]} {[%emt 00:00:05]} Nc4 {[%clk 00:03:26]}
{[%emt 00:00:25]} 34. Rg7 {[%clk 00:04:40]} {[%emt 00:00:07]} Nd8 {[%emt
00:00:57]} 35. Ne6+ {[%clk 00:03:56]} {[%emt 00:00:53]} Nxe6 {[%clk 00:02:48]}
{[%emt 00:00:02]} 36. Bxe6 {[%clk 00:04:05]} Nd6 {[%clk 00:01:52]} {[%emt
00:01:07]} 37. Bxd5 {[%clk 00:04:12]} {[%emt 00:00:02]} b6 {[%clk 00:01:45]}
{[%emt 00:00:18]} 38. Kc2 {[%clk 00:04:11]} {[%emt 00:00:10]} Kd7 {[%clk
00:01:52]} {[%emt 00:00:04]} 39. a4 {[%clk 00:04:03]} {[%emt 00:00:18]} Ke7
{[%emt 00:00:24]} 40. Rg2 {[%clk 00:03:52]} {[%emt 00:00:20]} Rh8 {[%clk
00:01:37]} {[%emt 00:00:12]} 41. b4 {[%clk 00:03:31]} {[%emt 00:00:30]} Rh4
{[%clk 00:01:43]} {[%emt 00:00:04]} 42. Rf2 {[%clk 00:03:36]} {[%emt 00:00:05]}
a5 {[%clk 00:01:16]} {[%emt 00:00:37]} 43. bxa5 {[%clk 00:03:04]} {[%emt
00:00:42]} bxa5 {[%clk 00:01:25]} 44. c4 {[%clk 00:02:53]} {[%emt 00:00:21]}
Nf5 {[%clk 00:01:32]} {[%emt 00:00:03]} 45. Kd3 {[%clk 00:02:34]} {[%emt
00:00:29]} Rh3+ {[%clk 00:00:58]} {[%emt 00:00:44]} 46. Rf3 {[%clk 00:02:04]}
{[%emt 00:00:40]} Rxf3+ {[%clk 00:00:54]} {[%emt 00:00:15]} 47. Bxf3 {[%clk
00:02:12]} {[%emt 00:00:01]} Kd6 {[%clk 00:01:01]} {[%emt 00:00:04]} 48. Be4
{[%clk 00:02:17]} {[%emt 00:00:04]} Ng3 {[%clk 00:00:57]} {[%emt 00:00:14]} 49.
Bh7 {[%clk 00:01:20]} {[%emt 00:01:07]} Kc5 {[%clk 00:01:01]} {[%emt 00:00:07]}
50. Bg8 {[%clk 00:01:21]} {[%emt 00:00:08]} f6 {[%clk 00:00:51]} {[%emt
00:00:20]} 51. Be6 {[%clk 00:01:07]} {[%emt 00:00:25]} Kb4 {[%clk 00:00:36]}
{[%emt 00:00:24]} 52. Bd7 {[%clk 00:00:34]} {[%emt 00:00:43]} Kc5 {[%clk
00:00:28]} {[%emt 00:00:18]} 53. Be6 {[%clk 00:00:22]} {[%emt 00:00:22]} Kb4
{[%clk 00:00:37]} 54. Bd7 {[%clk 00:00:31]} {[%emt 00:00:02]} Kc5 {[%clk
00:00:46]} {[%emt 00:00:01]} 55. Bb5 {[%clk 00:00:22]} {[%emt 00:00:18]} Nf5
{[%clk 00:00:49]} {[%emt 00:00:08]} 56. Kc3 {[%clk 00:00:13]} {[%emt 00:00:17]}
Nd6 {[%clk 00:00:53]} {[%emt 00:00:07]} 57. Kd3 {[%clk 00:00:20]} {[%emt
00:00:03]} Nf5 {[%clk 00:01:01]} {[%emt 00:00:06]} 58. Bd7 {[%clk 00:00:20]}
{[%emt 00:00:06]} Nd4 {[%clk 00:00:48]} {[%emt 00:00:24]} 59. Bc8 {[%clk
00:00:16]} {[%emt 00:00:14]} Nc6 {[%clk 00:00:23]} {[%emt 00:00:35]} 60. Be6
{[%clk 00:00:15]} {[%emt 00:00:10]} Nd4 {[%clk 00:00:20]} {[%emt 00:00:13]} 61.
Bd7 {[%clk 00:00:15]} {[%emt 00:00:08]} Nb3 {[%clk 00:00:20]} {[%emt 00:00:11]}
62. Ke4 {[%clk 00:00:17]} {[%emt 00:00:06]} Kd6 {[%emt 00:00:05]} 63. Bb5
{[%clk 00:00:23]} {[%emt 00:00:03]} Nc5+ {[%clk 00:00:32]} {[%emt 00:00:06]} 64.
Kf5 {[%clk 00:00:32]} {[%emt 00:00:02]} Ke7 {[%clk 00:00:41]} {[%emt 00:00:01]}
65. Kg6 {[%clk 00:00:32]} {[%emt 00:00:10]} Nd3 {[%clk 00:00:47]} {[%emt
00:00:04]} 66. Kf5 {[%clk 00:00:29]} {[%emt 00:00:13]} Nc5 {[%clk 00:00:56]} 67.
Bc6 {[%clk 00:00:32]} {[%emt 00:00:07]} Nb3 {[%clk 00:01:02]} {[%emt 00:00:06]}
68. Bf3 {[%clk 00:00:24]} {[%emt 00:00:18]} Nc5 {[%clk 00:01:02]} {[%emt
00:00:08]} 69. Bd1 {[%clk 00:00:32]} {[%emt 00:00:02]} Nd3 {[%clk 00:01:06]}
{[%emt 00:00:07]} 70. Bc2 {[%clk 00:00:35]} {[%emt 00:00:07]} Nc5 {[%clk
00:01:14]} {[%emt 00:00:02]} 1/2-1/2

[Event "FIDE World Cup 2025"]
[Site "Goa, India"]
[Date "2025.11.03"]
[Round "5.2"]
[White "Grigoryan, Karen H."]
[Black "Adly, Ahmed"]
[Result "1/2-1/2"]
[TimeControl ": 90 minutes for the first 40 moves, followed by 30 minutes for the rest of the gamewith an increment of 30 seconds per move starting from move 1"]
[WhiteFideId "13301004"]
[BlackFideId "10601619"]
[WhiteElo "2481"]
[BlackElo "2589"]

1. d4 {[%clk 00:10:17]} {[%emt 00:00:03]} Nf6 {[%clk 00:10:19]} 2. c4 {[%clk
00:10:26]} {[%emt 00:00:02]} e6 {[%clk 00:10:28]} {[%emt 00:00:02]} 3. Nf3
{[%clk 00:10:33]} Bb4+ {[%clk 00:10:33]} {[%emt 00:00:05]} 4. Bd2 {[%clk
00:10:40]} {[%emt 00:00:04]} Qe7 {[%clk 00:10:39]} {[%emt 00:00:04]} 5. g3
{[%clk 00:10:46]} {[%emt 00:00:04]} d5 {[%clk 00:10:42]} {[%emt 00:00:07]} 6.
Qc2 {[%clk 00:10:51]} {[%emt 00:00:05]} O-O {[%clk 00:10:31]} {[%emt 00:00:21]}
7. Bg2 {[%clk 00:10:59]} c5 {[%clk 00:10:33]} {[%emt 00:00:08]} 8. O-O {[%clk
00:10:57]} {[%emt 00:00:12]} cxd4 {[%clk 00:10:26]} {[%emt 00:00:17]} 9. cxd5
{[%clk 00:11:02]} {[%emt 00:00:05]} exd5 {[%clk 00:08:47]} {[%emt 00:01:50]} 10.
Nxd4 {[%clk 00:10:54]} {[%emt 00:00:18]} Bd7 {[%clk 00:08:55]} {[%emt
00:00:02]} 11. Bxb4 {[%clk 00:09:51]} {[%emt 00:01:12]} Qxb4 {[%clk 00:09:03]}
{[%emt 00:00:02]} 12. Qd2 {[%clk 00:09:55]} {[%emt 00:00:06]} Qxd2 {[%clk
00:08:25]} {[%emt 00:00:49]} 13. Nxd2 {[%clk 00:10:02]} {[%emt 00:00:02]} Nc6
{[%clk 00:08:33]} {[%emt 00:00:01]} 14. N2b3 {[%clk 00:10:07]} {[%emt
00:00:05]} Nxd4 {[%clk 00:08:30]} {[%emt 00:00:13]} 15. Nxd4 {[%clk 00:10:15]}
{[%emt 00:00:02]} Rfc8 {[%clk 00:08:35]} {[%emt 00:00:06]} 16. Rfd1 {[%clk
00:10:09]} {[%emt 00:00:15]} Kf8 {[%clk 00:08:30]} {[%emt 00:00:15]} 17. Rd3
{[%clk 00:10:00]} {[%emt 00:00:19]} Rc4 {[%clk 00:08:29]} {[%emt 00:00:12]} 18.
Rad1 {[%clk 00:09:52]} {[%emt 00:00:18]} Rac8 {[%clk 00:08:36]} {[%emt
00:00:03]} 19. h3 {[%clk 00:09:48]} {[%emt 00:00:13]} Rc1 {[%clk 00:08:29]}
{[%emt 00:00:18]} 20. g4 {[%clk 00:09:53]} {[%emt 00:00:05]} g5 {[%clk
00:08:25]} {[%emt 00:00:15]} 21. e3 {[%clk 00:08:59]} {[%emt 00:01:03]} h6
{[%clk 00:07:45]} {[%emt 00:00:50]} 22. Kf1 {[%clk 00:09:01]} {[%emt 00:00:08]}
Ba4 {[%clk 00:07:26]} {[%emt 00:00:29]} 23. b3 {[%clk 00:08:49]} {[%emt
00:00:21]} Bd7 {[%clk 00:07:31]} {[%emt 00:00:06]} 24. Ke1 {[%clk 00:08:52]}
{[%emt 00:00:07]} Ke7 {[%clk 00:07:22]} {[%emt 00:00:19]} 25. Kd2 {[%clk
00:08:30]} {[%emt 00:00:30]} Rxd1+ {[%clk 00:07:17]} {[%emt 00:00:16]} 26. Kxd1
{[%clk 00:08:38]} {[%emt 00:00:02]} h5 {[%clk 00:07:18]} {[%emt 00:00:09]} 27.
f3 {[%clk 00:08:34]} {[%emt 00:00:14]} hxg4 {[%clk 00:07:06]} {[%emt 00:00:22]}
28. hxg4 {[%clk 00:08:41]} {[%emt 00:00:03]} a5 {[%clk 00:07:04]} {[%emt
00:00:13]} 29. Rd2 {[%clk 00:08:44]} {[%emt 00:00:06]} Rc3 {[%clk 00:06:59]}
{[%emt 00:00:16]} 30. Re2 {[%clk 00:08:37]} {[%emt 00:00:15]} b5 {[%clk
00:06:50]} {[%emt 00:00:19]} 31. Bf1 {[%clk 00:08:31]} {[%emt 00:00:16]} b4
{[%clk 00:06:36]} {[%emt 00:00:26]} 32. Kd2 {[%clk 00:08:37]} {[%emt 00:00:03]}
a4 {[%clk 00:06:30]} {[%emt 00:00:16]} 33. Re1 {[%clk 00:08:27]} {[%emt
00:00:19]} Kd6 {[%clk 00:06:08]} {[%emt 00:00:34]} 34. Bb5 {[%clk 00:08:13]}
{[%emt 00:00:24]} Ke5 {[%clk 00:03:18]} {[%emt 00:03:00]} 35. bxa4 {[%clk
00:07:35]} {[%emt 00:00:46]} Ra3 {[%clk 00:03:22]} {[%emt 00:00:07]} 36. Kc2
{[%clk 00:07:42]} {[%emt 00:00:03]} Bxb5 {[%clk 00:02:54]} {[%emt 00:00:39]} 37.
axb5 {[%clk 00:07:50]} {[%emt 00:00:02]} Nd7 {[%clk 00:03:03]} {[%emt
00:00:01]} 38. Nc6+ {[%clk 00:07:54]} {[%emt 00:00:05]} Kd6 {[%clk 00:03:12]}
{[%emt 00:00:02]} 39. Nxb4 {[%clk 00:08:02]} Nb6 {[%clk 00:03:21]} {[%emt
00:00:02]} 40. e4 {[%clk 00:06:45]} {[%emt 00:01:26]} d4 {[%clk 00:03:30]}
{[%emt 00:00:01]} 41. Rd1 {[%clk 00:06:43]} {[%emt 00:00:11]} Rc3+ {[%clk
00:02:52]} {[%emt 00:00:48]} 42. Kb1 {[%clk 00:05:44]} {[%emt 00:01:09]} Kc5
{[%clk 00:03:01]} {[%emt 00:00:01]} 43. Nc2 {[%clk 00:05:38]} {[%emt 00:00:16]}
Rxf3 {[%clk 00:02:47]} {[%emt 00:00:24]} 44. Rxd4 {[%clk 00:04:36]} {[%emt
00:01:12]} Rf1+ {[%clk 00:02:25]} {[%emt 00:00:32]} 45. Kb2 {[%clk 00:04:44]}
{[%emt 00:00:02]} Kxb5 {[%clk 00:02:34]} {[%emt 00:00:02]} 46. Kc3 {[%clk
00:04:14]} {[%emt 00:00:38]} Kc5 {[%clk 00:02:19]} {[%emt 00:00:26]} 47. Rd8
{[%clk 00:02:54]} {[%emt 00:01:30]} Rf4 {[%clk 00:02:04]} {[%emt 00:00:25]} 48.
Ne3 {[%clk 00:03:00]} {[%emt 00:00:04]} Rxe4 {[%clk 00:02:01]} {[%emt
00:00:12]} 49. Kd3 {[%clk 00:03:06]} {[%emt 00:00:04]} Ra4 {[%clk 00:02:01]}
{[%emt 00:00:11]} 50. a3 {[%clk 00:02:45]} {[%emt 00:00:31]} f6 {[%clk
00:01:51]} {[%emt 00:00:20]} 51. Rf8 {[%clk 00:02:33]} {[%emt 00:00:22]} Rd4+
{[%clk 00:01:03]} {[%emt 00:00:58]} 52. Ke2 {[%clk 00:02:40]} {[%emt 00:00:03]}
Rf4 {[%clk 00:01:05]} {[%emt 00:00:08]} 53. Rd8 {[%clk 00:02:43]} {[%emt
00:00:07]} Ra4 {[%emt 00:00:20]} 54. Rd3 {[%clk 00:02:45]} Kc6 {[%clk
00:00:56]} {[%emt 00:00:16]} 55. Kf3 {[%clk 00:02:30]} {[%emt 00:00:25]} Nd7
{[%clk 00:01:01]} {[%emt 00:00:06]} 56. Rc3+ {[%clk 00:02:38]} {[%emt
00:00:01]} Kd6 {[%clk 00:01:08]} {[%emt 00:00:04]} 57. Nf5+ {[%clk 00:02:34]}
{[%emt 00:00:13]} Ke6 {[%clk 00:01:04]} {[%emt 00:00:12]} 58. Rc6+ {[%clk
00:02:30]} {[%emt 00:00:15]} Ke5 {[%clk 00:01:05]} {[%emt 00:00:09]} 59. Rc3
{[%clk 00:02:36]} {[%emt 00:00:04]} Ke6 {[%clk 00:00:28]} {[%emt 00:00:48]} 60.
Ne3 {[%clk 00:02:45]} {[%emt 00:00:02]} Ne5+ {[%clk 00:00:36]} {[%emt
00:00:02]} 61. Kg3 {[%clk 00:02:53]} {[%emt 00:00:02]} Re4 {[%clk 00:00:45]}
{[%emt 00:00:01]} 62. Rb3 {[%clk 00:03:00]} {[%emt 00:00:03]} Kd7 {[%clk
00:00:45]} {[%emt 00:00:09]} 63. Rc3 {[%clk 00:03:07]} {[%emt 00:00:03]} Rf4
{[%clk 00:00:43]} {[%emt 00:00:11]} 64. Kh3 {[%clk 00:02:50]} {[%emt 00:00:28]}
Kd6 {[%clk 00:00:25]} {[%emt 00:00:29]} 65. Kg3 {[%clk 00:02:58]} {[%emt
00:00:01]} Ra4 {[%clk 00:00:34]} {[%emt 00:00:01]} 66. Kh3 {[%clk 00:03:01]}
{[%emt 00:00:06]} Nd7 {[%clk 00:00:40]} {[%emt 00:00:05]} 67. Kg3 {[%emt
00:00:16]} Nc5 {[%clk 00:00:44]} 68. Kh3 {[%clk 00:03:06]} {[%emt 00:00:04]}
Nd7 {[%clk 00:00:33]} {[%emt 00:00:21]} 69. Kg3 {[%clk 00:03:12]} {[%emt
00:00:03]} Ke5 {[%clk 00:00:39]} {[%emt 00:00:03]} 70. Nf5 {[%clk 00:03:14]}
{[%emt 00:00:10]} Ke6 {[%clk 00:00:35]} {[%emt 00:00:14]} 71. Rc6+ {[%clk
00:03:16]} {[%emt 00:00:08]} Ke5 {[%clk 00:00:43]} {[%emt 00:00:02]} 72. Rc3
{[%clk 00:03:24]} {[%emt 00:00:02]} Ke6 {[%clk 00:00:53]} {[%emt 00:00:01]} 73.
Rc6+ {[%clk 00:03:32]} {[%emt 00:00:02]} Kf7 {[%clk 00:01:01]} {[%emt
00:00:01]} 74. Rc3 {[%clk 00:03:40]} {[%emt 00:00:02]} Ne5 {[%clk 00:01:02]}
{[%emt 00:00:10]} 75. Ne3 {[%clk 00:03:48]} {[%emt 00:00:01]} Ra6 {[%clk
00:01:04]} {[%emt 00:00:08]} 76. Nc2 {[%clk 00:03:43]} {[%emt 00:00:14]} Ke6
{[%clk 00:01:08]} {[%emt 00:00:07]} 77. Nd4+ {[%clk 00:03:47]} {[%emt
00:00:06]} Kd5 {[%clk 00:01:15]} {[%emt 00:00:03]} 78. Nf3 {[%clk 00:03:55]}
{[%emt 00:00:02]} Nc4 {[%clk 00:01:18]} {[%emt 00:00:06]} 79. Rd3+ {[%clk
00:04:01]} {[%emt 00:00:04]} Kc5 {[%clk 00:01:20]} {[%emt 00:00:07]} 80. Nd2
{[%clk 00:04:06]} {[%emt 00:00:05]} Nxd2 {[%clk 00:00:40]} {[%emt 00:00:52]} 81.
Rxd2 {[%clk 00:04:14]} {[%emt 00:00:01]} Rxa3+ {[%clk 00:00:49]} 82. Kh2 {[%clk
00:04:10]} {[%emt 00:00:10]} Ra4 {[%clk 00:00:57]} {[%emt 00:00:07]} 83. Kg3
{[%clk 00:04:14]} {[%emt 00:00:06]} Rd4 {[%clk 00:01:05]} {[%emt 00:00:02]} 84.
Rf2 {[%clk 00:04:17]} {[%emt 00:00:06]} Rd3+ {[%clk 00:01:13]} {[%emt
00:00:02]} 85. Kg2 {[%clk 00:04:25]} {[%emt 00:00:02]} Rd6 {[%clk 00:01:21]} 86.
Rf5+ {[%clk 00:04:29]} {[%emt 00:00:07]} Kc6 {[%clk 00:01:26]} {[%emt
00:00:05]} 87. Kg3 {[%clk 00:04:36]} {[%emt 00:00:03]} Kd7 {[%clk 00:01:35]}
{[%emt 00:00:02]} 88. Ra5 {[%clk 00:04:42]} {[%emt 00:00:03]} Rd3+ {[%clk
00:01:41]} {[%emt 00:00:03]} 89. Kg2 {[%clk 00:04:51]} {[%emt 00:00:02]} Ke6
{[%clk 00:01:50]} 90. Rf5 {[%clk 00:04:39]} {[%emt 00:00:20]} Rd5 {[%clk
00:01:23]} {[%emt 00:00:39]} 91. Rf1 {[%clk 00:04:46]} {[%emt 00:00:01]} Rd4
{[%clk 00:00:54]} {[%emt 00:00:39]} 92. Kg3 {[%clk 00:04:55]} {[%emt 00:00:02]}
Re4 {[%clk 00:01:03]} {[%emt 00:00:01]} 93. Rf2 {[%clk 00:05:01]} {[%emt
00:00:04]} Ra4 {[%clk 00:01:03]} {[%emt 00:00:10]} 94. Rf1 {[%clk 00:05:09]}
{[%emt 00:00:02]} Ra6 {[%clk 00:01:09]} {[%emt 00:00:05]} 95. Rf5 {[%clk
00:05:07]} {[%emt 00:00:11]} Rd6 {[%clk 00:01:17]} {[%emt 00:00:03]} 96. Kg2
{[%clk 00:05:08]} {[%emt 00:00:08]} Rd5 {[%clk 00:01:21]} {[%emt 00:00:07]} 97.
Rf1 {[%clk 00:05:15]} {[%emt 00:00:03]} f5 {[%clk 00:01:01]} {[%emt 00:00:30]}
98. gxf5+ {[%clk 00:05:22]} {[%emt 00:00:02]} Rxf5 {[%clk 00:01:09]} {[%emt
00:00:02]} 99. Ra1 {[%clk 00:05:23]} {[%emt 00:00:08]} Re5 {[%clk 00:01:13]}
{[%emt 00:00:06]} 100. Kg3 {[%clk 00:05:30]} {[%emt 00:00:02]} Kf5 {[%clk
00:01:22]} {[%emt 00:00:02]} 101. Rf1+ {[%clk 00:05:39]} {[%emt 00:00:02]} Kg6
{[%clk 00:01:31]} {[%emt 00:00:01]} 102. Ra1 {[%clk 00:05:46]} {[%emt
00:00:02]} Re3+ {[%clk 00:01:36]} {[%emt 00:00:05]} 103. Kg4 {[%clk 00:05:55]}
{[%emt 00:00:01]} Re4+ {[%clk 00:01:45]} {[%emt 00:00:02]} 104. Kg3 {[%clk
00:06:04]} Re3+ {[%clk 00:01:54]} {[%emt 00:00:02]} 105. Kg4 {[%clk 00:06:12]}
{[%emt 00:00:01]} Re4+ {[%clk 00:02:03]} {[%emt 00:00:01]} 1/2-1/2